1959 1491 1889 1779 1250 1528 1845 1359 1086 1371 1039 1160 1976 1805 1401 1017 1266 1813 1274 1583 1023 1722 1910 1914 1647 1325 1095 1611 1173 1315 1844 1934 1841 1264 1337 1638 1959 1227 1441 1865 1425 1775 1675 1591 1802 1422 1239 1756 1101 1193 1868 1798 1191 1695 1167 1721 1750 1112 1883 1272 1610 1330 1050 1928 1105 1590 1953 1800 1413 1777 1054 1172 1995 1227 1989 1561 1195 1447 1977 1396 1496 1055 1374 1594 1349 1367 1869 1206 1825 1740 1935 1412 1190 1374 1234 1248 1757 1180 1158 BCNSPRNW ULIB Ver.6.0+V

เปลี่ยนเป็นภาษาไทย

Change to English
 แสดงรายละเอียดบรรณานุกรม
  กลับหน้าหลัก

Brief Record : Get Marc (ISO 2709) : E-mail record : QR code < ปิดหน้าต่าง
LEADER : 00000nam 2200000uu 4500
001    13399114434
003     ULIB
008    110627s||||||||th 000 0 tha d
020    9747319608
098    นว.^bม162ล
100 0  มนันยา
245 00 ลับลมคมนอก/^cมนันยา
250    พิมพ์ครั้งที่ 1
260    กรุงเทพฯ :^bสามสี,^c2544
300    216 หน้า
710 1  สามสี
945    ^p100^l0^i031544
995    ทศพร
999 ^a ใช้งานได้ทุกระบบ
รายการนี้ยังไม่มีแท็ก
คุณยังไม่ได้ล็อกอิน คุณสามารถมีกิจกรรมร่วมกับเว็บไซต์ได้ แต่ต้องล็อกอินก่อน ::
  ล็อกอิน

รายการสื่อสารสนเทศ

ลำดับที่ ประเภท เลขเรียก/บาร์โค้ด สถานที่ สถานะ
1. นวนิยาย
นวนิยาย
 ฉ.1 
  Barcode: 031544
ห้องสมุดวิทยาเขตสวรรค์ประชารักษ์
►นวนิยาย
บนชั้น
  ขอยืม

รายการใกล้เคียง
    ผู้แต่ง [มนันยา]

BibComment


ยังไม่เคยถูกคอมเมนท์

คอมเมนท์ทรัพยากรรายการนี้
  คอมเมนท์: ลับลมคมนอก มนันยา


 Copyright 2026. Bcnsprnw @Library